000 01741cam a22004814i 4500
003 PE-LiUPU
005 20250731165557.0
008 150625s r 000 0 d
020 _a8425424127
035 _a(Sirsi) i9788425424120
040 _aPE-LiUPU
_bspa
_cPE-LiUPU
_erda
049 _aPRUA
082 0 4 _a270.9
_bF38
_221
100 1 _aFernández Terricabras, Ignasi, redactor,
_eautor.
245 1 0 _aDiccionario enciclopédico de historia de la iglesia :
_bA-H.
_n1 /
_cKasper,Walter.
264 1 _aMadrid :
_bHerder,
_c2005.
300 _a666 p. :
_bilustraciones, mapas ;
_c23 centímetros
336 _atext
_2rdacontent
337 _aunmediated
_2rdamedia
338 _avolume
_2rdacarrier
504 _aIncluye referencias bibliográficas al final de cada entrada.
526 _aSEG44
526 _aSEG26
526 _aP151
526 _aP150
526 _aP149
526 _aP146
526 _aP145
526 _aP126
526 _aP125
526 _aP92
526 _aP75
526 _aP74
526 _aP27
526 _aP15
541 _g007-0017630;
650 0 4 _aIglesia
_xHistoria
_vDiccionarios.
942 _2ddc
_cBOOK
949 _aRC 270.9 F38 1
_wDEWEY
_c1
_i55920
_d2015-9-30
_lCCODEBUL1
_mBUL
_p59.00
_q1
_r0
_sY
_tBOOK
_u2015-6-25
_xTEOLOGIA
_zUNKNOWN
_0COMPRA
_o.CIRCNOTE. No olvidar cambiar la fecha de devolución!!!!!!!
_o.STAFF. Colección General
994 _aC0
_bPEPRU
596 _a1
999 _aRC 270.9 F38 1
_wDEWEY
_c44759
_i55920
_d44759
_f2021-11-8
_g6
_lCCODEBUL1
_mBUL
_p59.00
_q5
_r1
_sY
_tBOOK
_u2015-6-25
_xTEOLOGIA
_zUNKNOWN
_0COMPRA
_o.CIRCNOTE. No olvidar cambiar la fecha de devolución!!!!!!!
_o.STAFF. Colección General
980 _81
_gALBERTO SANCHEZ Responsable de Automatización